Logo BPK

Biblioteka

Politechniki Koszalińskiej

Polska - dzieje narodu, państwa i kultury. (Rekord nr 32282)

Szczegóły MARC
000 -ETYKIETA REKORDU
podpole kontrolne o stałej długości 00894nam a2200229 i 4500
001 - NUMER KONTROLNY REKORDU
pole kontrolne bg
020 ## - MIĘDZYNARODOWY ZNORMALIZOWANY NUMER KSIĄŻKI - ISBN
ISBN 8323205361 (t.15)
020 ## - MIĘDZYNARODOWY ZNORMALIZOWANY NUMER KSIĄŻKI - ISBN
ISBN 832320537X (t. 2)
040 ## - ŹRÓDŁO KATALOGOWANIA
Instytucja, która utworzyła rekord BPK
041 0# - KOD JĘZYKA
Kod języka tekstu pl
080 ## - UNIWERSALNA KLASYFIKACJA DZIESIĘTNA - UKD
UKD 943.8.03/.06
920 ## - Międzynarodowy znormalizowany numer książki – ISBN
ISBN 83-232-0536-1 (t.1-5)
920 ## - Międzynarodowy znormalizowany numer książki – ISBN
ISBN 83-232-0537-X (t. 2)
008 - POLE O STAŁEJ DŁUGOŚCI - DANE KONTROLNE
podpole kontrolne o stałej długości s pl f |000 0 pol
245 00 - TYTUŁ/ODPOWIEDZIALNOŚĆ
Tytuł Polska - dzieje narodu, państwa i kultury.
Oznaczenie części/sekcji dzieła T. 2,
Tytuł części/sekcji dzieła Polska w czasach nowożytnych : od środkowoeuropejskiej potęgi do utraty niepodległości (1501-1795) /
Pozostałe elementy strefy tytułu i oznaczenia odpowiedzialności Jerzy Topolski ; pod red. Jerzego Topolskiego ; Uniwersytet im. Adama Mickiewicza w Poznaniu.
260 ## - STREFA ADRESU WYDAWNICZEGO
Miejsce wydania Poznań :
Nazwa wydawcy/dystrybutora Wydaw. Naukowe UAM,
Data publikacji, dystrybucji/powstania dokumentu 1994.
300 ## - STREFA OPISU FIZYCZNEGO
Objętość 943 s., [2] k.tabl. złoż :
Inne cechy fizyczne faks., fot., mapy, portr., rys. ;
Rozmiary 25 cm.
504 ## - UWAGA DOTYCZĄCA BIBLIOGRAFII
Informacje o bibliografii Biblior. s. 879-899. - Indeksy.
651 #9 - HASŁO PRZEDMIOTOWE W FORMIE NAZWY GEOGRAFICZNEJ
Nazwa geograficzna Polska
Określnik ogólny historia
Określnik chronologiczny 16-18 w.
700 1# - HASŁO DODATKOWE - NAZWA OSOBOWA
Nazwa osobowa TOPOLSKI, Jerzy.
Określenie związku między hasłem a opisywanym materiałem Red.
856 ## - LOKALIZACJA I DOSTĘP DO ELEKTRONICZNYCH DOKUMENTÓW ZDALNYCH
Link (URL) http://koha.tu.koszalin.pl/cgi-bin/koha/opac-detail.pl?biblionumber=32282
Tekst linku Katalog online BPK
942 ## - DODATKOWE ELEMENTY (KOHA)
Typ dokumentu Książka
Egzemplarze
Wycofany Status egzemplarza Uszkodzony Dostępność Lokalizacja stała Lokalizacja bieżąca Miejsce przechowywania Sygnatura Kod kreskowy Typ dokumentu
      Tylko na miejscu Biblioteka Politechniki Koszalińskiej Biblioteka Politechniki Koszalińskiej Czytelnia Wydziałowa ul. Kwiatkowskiego 6e 40950 01277906 Książka
© 2023 Biblioteka Politechniki Koszalińskiej :: KOHA